<?xml version="1.0" encoding="UTF-8"?>
<collection xmlns="http://www.loc.gov/MARC21/slim">
 <record>
  <leader>00431nam a22001455a 4500</leader>
  <controlfield tag="001">EHU.bham012643</controlfield>
  <controlfield tag="003">AR-BHAM</controlfield>
  <controlfield tag="005">20100223193439.0</controlfield>
  <controlfield tag="008">130507s1983##################000#0#####d</controlfield>
  <datafield tag="082" ind1="9" ind2="5">
   <subfield code="a">951.9</subfield>
  </datafield>
  <datafield tag="245" ind1="0" ind2="0">
   <subfield code="a">El dialogo sur-norte en corea /</subfield>
  </datafield>
  <datafield tag="260" ind1=" " ind2=" ">
   <subfield code="a">Seul :</subfield>
   <subfield code="b">Sociedad Cultural Internacional De Corea,</subfield>
   <subfield code="c">1983</subfield>
  </datafield>
  <datafield tag="300" ind1=" " ind2=" ">
   <subfield code="a">51 p.</subfield>
  </datafield>
  <datafield tag="653" ind1=" " ind2=" ">
   <subfield code="a">Historia de corea</subfield>
  </datafield>
  <datafield tag="859" ind1=" " ind2=" ">
   <subfield code="a">AR-BHAM</subfield>
   <subfield code="b">BIB. HUMANIDADES - General</subfield>
   <subfield code="h">951.9</subfield>
   <subfield code="i">D541</subfield>
   <subfield code="p">10.84</subfield>
   <subfield code="t">Ej.1</subfield>
  </datafield>
 </record>
</collection>
